[Event "European Senior Chess Championship 2018"]
[Site "Drammen, Norway"]
[Date "2018.02.14"]
[Round "1"]
[White "Agdestein, Simen"]
[Black "Kirppo, Ronny"]
[Result "1-0"]
[WhiteElo "2576"]
[BlackElo "1885"]
[PlyCount "73"]
[EventDate "2018.??.??"]

1. e4 c5 2. Nf3 Nc6 3. d4 cxd4 4. Nxd4 Nf6 5. Nc3 d6 6. Bc4 e6 7. Be3 Be7 8.
Qe2 O-O 9. O-O-O a6 10. Rhg1 Qc7 11. Bb3 Nd7 12. g4 Nc5 13. g5 b5 14. Kb1 Bd7
15. a3 Nxb3 16. cxb3 b4 17. axb4 Nxb4 18. f4 Qa5 19. Rd2 Bb5 20. Qd1 Rfc8 21.
Rgg2 d5 22. e5 Nc6 23. Rg3 Nb4 24. Bf2 Nc6 25. h4 Nxd4 26. Bxd4 Bc5 27. h5 Bxd4
28. Rxd4 Qc7 29. Qd2 Rab8 30. Nd1 a5 31. Ne3 Bd7 32. h6 Rxb3 33. Nxd5 Qc1+ 34.
Qxc1 Rxc1+ 35. Kxc1 Rxg3 36. Nc7 Rg1+ 37. Kd2
1-0

[Event "European Senior Chess Championship 2018"]
[Site "Drammen, Norway"]
[Date "2018.02.14"]
[Round "1"]
[White "Gonzalez Pabollet, Jesus Maria S"]
[Black "Blechzin, Igor"]
[Result "0-1"]
[WhiteElo "1818"]
[BlackElo "2250"]
[PlyCount "50"]
[EventDate "2018.??.??"]

1. e4 c5 2. Nf3 a6 3. d4 cxd4 4. Nxd4 Nf6 5. Nc3 e5 6. Nb3 Bb4 7. Be2 Nxe4 8.
Bd2 Bxc3 9. bxc3 d5 10. O-O O-O 11. c4 d4 12. Bf3 Nxd2 13. Qxd2 Nc6 14. Rab1
Qe7 15. Rfe1 Rd8 16. Na5 Qc7 17. Nxc6 bxc6 18. Qb4 Bf5 19. Qc5 Bxc2 20. Rb6 Qd6
21. Rxc6 Qxc5 22. Rxc5 d3 23. Rd5 Rxd5 24. cxd5 d2 25. Ra1 Rc8
0-1

[Event "European Senior Chess Championship 2018"]
[Site "Drammen, Norway"]
[Date "2018.02.14"]
[Round "1"]
[White "Blomstrom, Lars"]
[Black "Kopperud, Vidar Aleksander"]
[Result "1-0"]
[WhiteElo "2167"]
[BlackElo "1742"]
[PlyCount "49"]
[EventDate "2018.??.??"]

1. e4 c5 2. Nc3 d6 3. g3 Nf6 4. Bg2 Nc6 5. d3 g6 6. Be3 Bg7 7. h3 Bd7 8. Nge2
a6 9. Qd2 h5 10. f4 Qc7 11. O-O-O Rb8 12. Rde1 e5 13. Rhf1 b5 14. Kb1 b4 15.
Nd5 Nxd5 16. exd5 Ne7 17. fxe5 dxe5 18. d4 c4 19. dxe5 c3 20. Qd1 Bxe5 21. Bf4
Bd6 22. Nd4 Bxf4 23. Rxf4 f5 24. Nc6 Bxc6 25. d6
1-0

[Event "European Senior Chess Championship 2018"]
[Site "Drammen, Norway"]
[Date "2018.02.14"]
[Round "1"]
[White "Skar, Oystein"]
[Black "Gayson, Peter M"]
[Result "0-1"]
[WhiteElo "1705"]
[BlackElo "2150"]
[PlyCount "46"]
[EventDate "2018.??.??"]

1. Nf3 f5 2. e4 fxe4 3. Ng5 Nf6 4. d3 e3 5. Bxe3 e6 6. Nc3 Be7 7. d4 O-O 8. Bd3
Nc6 9. Qe2 Nb4 10. O-O-O b6 11. h4 Bb7 12. Nce4 Nxe4 13. Nxe4 Nxa2+ 14. Kb1 Nb4
15. Ng5 Nxd3 16. Qh5 Bxg5 17. hxg5 Be4 18. cxd3 Bg6 19. Qh4 a5 20. Rh2 a4 21.
Rdh1 Qe7 22. Qg4 a3 23. Rxh7 Bxd3+
0-1

[Event "European Senior Chess Championship 2018"]
[Site "Drammen, Norway"]
[Date "2018.02.14"]
[Round "1"]
[White "Holst, Conny"]
[Black "Stubrud, Jan Magne"]
[Result "1-0"]
[WhiteElo "2147"]
[BlackElo "1667"]
[PlyCount "93"]
[EventDate "2018.??.??"]

1. d4 Nf6 2. c4 g6 3. Nc3 d5 4. cxd5 Nxd5 5. e4 Nxc3 6. bxc3 Bg7 7. Nf3 c5 8.
Be3 O-O 9. Be2 Bg4 10. O-O cxd4 11. cxd4 Nc6 12. d5 Bxf3 13. gxf3 Nb8 14. Rb1
b6 15. Qd2 Nd7 16. f4 Rc8 17. Rfc1 Nc5 18. e5 Qd7 19. Bf3 Rfd8 20. Qe2 h5 21.
Kh1 Qf5 22. Rb4 Bh6 23. Rbc4 Kh7 24. Qc2 Kg7 25. Qxf5 gxf5 26. e6 fxe6 27. Rg1+
Kh7 28. Bxh5 Rg8 29. Rxg8 Kxg8 30. dxe6 Bg7 31. Bg6 Rd8 32. Bxf5 Rd5 33. Bg4
Bh6 34. Kg2 Kg7 35. Bf3 Rd6 36. f5 Bxe3 37. fxe3 Rd2+ 38. Kg3 Rxa2 39. Rg4+ Kf6
40. e4 Ra3 41. h4 Nd3 42. h5 Ne1 43. Rf4 Kg5 44. f6 Nxf3 45. Rf5+ Kh6 46. fxe7
Nd4+ 47. Kg2
1-0

[Event "European Senior Chess Championship 2018"]
[Site "Drammen, Norway"]
[Date "2018.02.14"]
[Round "1"]
[White "Lillebo, Hakon"]
[Black "Eriksen, Terje"]
[Result "0-1"]
[WhiteElo "1637"]
[BlackElo "2142"]
[PlyCount "34"]
[EventDate "2018.??.??"]

1. d4 Nf6 2. c4 e6 3. Nc3 Bb4 4. Qc2 c5 5. Nf3 Nc6 6. a3 Bxc3+ 7. Qxc3 cxd4 8.
Nxd4 Ne4 9. Qe3 Qa5+ 10. Bd2 Nxd2 11. Nxc6 Nf3+ 12. Kd1 Qe1+ 13. Kc2 Qxa1 14.
gxf3 bxc6 15. Bg2 Qa2 16. Qc3 O-O 17. Rb1 Ba6
0-1

[Event "European Senior Chess Championship 2018"]
[Site "Drammen, Norway"]
[Date "2018.02.14"]
[Round "1"]
[White "Bjerke, Richard"]
[Black "Jorgensen, Asle"]
[Result "1-0"]
[WhiteElo "2141"]
[BlackElo "1628"]
[PlyCount "93"]
[EventDate "2018.??.??"]

1. Nf3 d5 2. d4 Nf6 3. c4 c6 4. Qc2 e6 5. g3 Be7 6. Bg2 O-O 7. O-O Nbd7 8. Nbd2
Qc7 9. e4 dxe4 10. Nxe4 Nxe4 11. Qxe4 Nf6 12. Qe2 Re8 13. b3 Bd6 14. c5 Bf8 15.
Bf4 Qd8 16. Rfe1 Nd5 17. Rac1 Nxf4 18. gxf4 g6 19. Rcd1 Bh6 20. Qe3 Qf6 21. Ng5
Bd7 22. Qe5 Bxg5 23. fxg5 Qxe5 24. dxe5 Rad8 25. Rd6 Kf8 26. b4 Bc8 27. a4 a6
28. Rb1 Rxd6 29. cxd6 Rd8 30. b5 cxb5 31. axb5 Bd7 32. b6 Bc6 33. Bxc6 bxc6 34.
Rc1 Rb8 35. Rxc6 a5 36. b7 Rxb7 37. Rc8+ Kg7 38. Ra8 h6 39. h4 hxg5 40. hxg5 a4
41. Rxa4 Rb8 42. Kg2 Kf8 43. Kf3 Ke8 44. Ke4 Rb2 45. f4 Rd2 46. Ra8+ Kd7 47.
Rf8
1-0

[Event "European Senior Chess Championship 2018"]
[Site "Drammen, Norway"]
[Date "2018.02.14"]
[Round "1"]
[White "Hanssen, John Christian"]
[Black "Jensen, Thore Nyboe"]
[Result "0-1"]
[WhiteElo "1570"]
[BlackElo "2083"]
[PlyCount "130"]
[EventDate "2018.??.??"]

1. d4 Nf6 2. c4 e6 3. Bg5 Be7 4. Nc3 d5 5. e3 O-O 6. Nf3 b6 7. Be2 Bb7 8. O-O
h6 9. Bh4 Nbd7 10. a3 c5 11. cxd5 Nxd5 12. Bxe7 Qxe7 13. Nxd5 Bxd5 14. dxc5
Nxc5 15. Rc1 Rfd8 16. Qc2 Nb3 17. Rcd1 Rac8 18. Qb1 Qb7 19. Ne1 a6 20. Bf3 Nc5
21. Bxd5 Rxd5 22. Rxd5 Qxd5 23. Nf3 Rd8 24. h3 Qd3 25. Nd4 Rd6 26. b4 Qxb1 27.
Rxb1 Na4 28. Rc1 e5 29. Nf5 Rd3 30. Ra1 h5 31. Kf1 g6 32. Ng3 f5 33. Ne2 Kf7
34. Ke1 Ke6 35. Nc1 Rd6 36. Ne2 Rd3 37. Nc1 Rc3 38. Ne2 Rc2 39. Kd1 Rb2 40. Ke1
Kd5 41. Rd1+ Kc4 42. Ra1 Kd3 43. Rd1+ Kc2 44. Rc1+ Kb3 45. Ra1 h4 46. Nc1+ Kc2
47. Ne2 Rb1+ 48. Rxb1 Kxb1 49. Kd2 Kb2 50. f3 Kxa3 51. Nc1 e4 52. fxe4 fxe4 53.
Ne2 Kxb4 54. Nf4 g5 55. Ne6 Nb2 56. Nxg5 Nc4+ 57. Ke2 Nd6 58. g3 hxg3 59. h4 g2
60. Kf2 a5 61. h5 Nf5 62. Nxe4 Nxe3 63. h6 Ng4+ 64. Kxg2 Nxh6 65. Kf2 a4
0-1

[Event "European Senior Chess Championship 2018"]
[Site "Drammen, Norway"]
[Date "2018.02.14"]
[Round "1"]
[White "Rishovd, Svein"]
[Black "Bergquist, Rune"]
[Result "1-0"]
[WhiteElo "2046"]
[BlackElo "1566"]
[PlyCount "55"]
[EventDate "2018.??.??"]

1. d4 d5 2. c4 e6 3. Nf3 Nf6 4. g3 c6 5. Bg2 Bd6 6. Nc3 O-O 7. O-O Nbd7 8. e4
dxe4 9. Ng5 Qc7 10. Ngxe4 e5 11. Nxd6 Qxd6 12. d5 Re8 13. dxc6 Qxd1 14. Rxd1
bxc6 15. Bxc6 Rb8 16. Bg5 Re6 17. Bxf6 Rxc6 18. Bxe5 Rxb2 19. Nb5 Rc2 20. Nd4
R6xc4 21. Nxc2 Rxc2 22. Rac1 Rxc1 23. Rxc1 Nb6 24. Bd4 Be6 25. Bxb6 axb6 26.
Rb1 Bxa2 27. Ra1 Bd5 28. Rd1
1-0

[Event "European Senior Chess Championship 2018"]
[Site "Drammen, Norway"]
[Date "2018.02.14"]
[Round "1"]
[White "Warstad, Leif E"]
[Black "Harstad, Christian"]
[Result "0-1"]
[WhiteElo "1564"]
[BlackElo "1985"]
[PlyCount "58"]
[EventDate "2018.??.??"]

1. d4 Nf6 2. Nf3 d5 3. c4 dxc4 4. Nc3 e6 5. e3 c5 6. Bxc4 a6 7. a4 Nc6 8. O-O
Qc7 9. dxc5 Bxc5 10. e4 O-O 11. Bg5 b6 12. Qe2 Ng4 13. Bh4 Nge5 14. Nxe5 Qxe5
15. Bg3 Qg5 16. e5 Bb7 17. Ne4 Qe7 18. Nxc5 Qxc5 19. Rac1 Qb4 20. b3 Na5 21.
Qe3 Rac8 22. Rfd1 Rfd8 23. Bh4 Rxd1+ 24. Rxd1 Nxc4 25. bxc4 Qxa4 26. Qd3 h6 27.
Rc1 Bd5 28. h3 Rxc4 29. Rxc4 Qxc4
0-1

[Event "European Senior Chess Championship 2018"]
[Site "Drammen, Norway"]
[Date "2018.02.14"]
[Round "1"]
[White "Edvardsen, Ragnar"]
[Black "Lie, Bjorn"]
[Result "1-0"]
[WhiteElo "1969"]
[BlackElo "1551"]
[PlyCount "69"]
[EventDate "2018.??.??"]

1. e4 c5 2. Nf3 Nc6 3. d4 cxd4 4. Nxd4 g6 5. c4 Bg7 6. Be3 Nf6 7. Nc3 d6 8. Be2
O-O 9. O-O Bd7 10. Qd2 a6 11. f4 Rc8 12. Rac1 Nxd4 13. Bxd4 Bc6 14. Bf3 Nd7 15.
Bxg7 Kxg7 16. Rfd1 Qb6+ 17. Qd4+ Qxd4+ 18. Rxd4 Nc5 19. g3 f5 20. Kf2 e5 21.
Rxd6 fxe4 22. Bg4 Nd3+ 23. Rxd3 exd3 24. Bxc8 Rxc8 25. fxe5 Rf8+ 26. Ke3 Rf3+
27. Kd4 Rf2 28. Rd1 Rxh2 29. b4 d2 30. Ke3 Rg2 31. Ne2 g5 32. Rxd2 g4 33. Nd4
Rxd2 34. Kxd2 Bg2 35. Ke3
1-0

[Event "European Senior Chess Championship 2018"]
[Site "Drammen, Norway"]
[Date "2018.02.14"]
[Round "1"]
[White "Frimanslund, Berge"]
[Black "Krohg, Georg A"]
[Result "0-1"]
[WhiteElo "1521"]
[BlackElo "1956"]
[PlyCount "56"]
[EventDate "2018.??.??"]

1. d4 d5 2. f4 Nf6 3. Nf3 Bf5 4. e3 e6 5. Be2 Nbd7 6. O-O Ne4 7. Nbd2 Ndf6 8.
Ne5 Nxd2 9. Bxd2 Ne4 10. Be1 Nd6 11. c4 f6 12. Nf3 Nxc4 13. Bxc4 dxc4 14. Qa4+
c6 15. Qxc4 Qd5 16. Qxd5 exd5 17. b4 Bd6 18. a3 Kd7 19. Bf2 a5 20. bxa5 Rxa5
21. a4 Rha8 22. Nd2 Rxa4 23. Rac1 Ra3 24. Nb1 Ra1 25. Nc3 Rxc1 26. Rxc1 b5 27.
h3 b4 28. Nd1 Ra2
0-1

[Event "European Senior Chess Championship 2018"]
[Site "Drammen, Norway"]
[Date "2018.02.14"]
[Round "1"]
[White "Sielicki, Tomasz"]
[Black "Hansen, Roy Drange"]
[Result "1-0"]
[WhiteElo "1956"]
[BlackElo "1468"]
[PlyCount "55"]
[EventDate "2018.??.??"]

1. d4 d5 2. Bf4 Nf6 3. e3 a6 4. Nd2 e6 5. Ngf3 Be7 6. Bd3 O-O 7. Ne5 Nbd7 8. h4
c5 9. c3 c4 10. Bc2 a5 11. g4 Nxe5 12. dxe5 Nd7 13. Qe2 b5 14. Nf3 b4 15. g5
Bb7 16. h5 a4 17. Rd1 Qa5 18. Nd4 bxc3 19. bxc3 Qxc3+ 20. Kf1 Qa5 21. g6 Nc5
22. Qg4 f5 23. exf6 Bxf6 24. h6 Ra6 25. gxh7+ Kh8 26. hxg7+ Bxg7 27. Rg1 Rf7
28. Be5
1-0

[Event "European Senior Chess Championship 2018"]
[Site "Drammen, Norway"]
[Date "2018.02.14"]
[Round "1"]
[White "Evensen, Per-Erik"]
[Black "Andersson, Kjell-Ake"]
[Result "0-1"]
[WhiteElo "1447"]
[BlackElo "1940"]
[PlyCount "128"]
[EventDate "2018.??.??"]

1. d4 Nf6 2. c4 e6 3. Nc3 Bb4 4. Bd2 Nc6 5. Nf3 O-O 6. g3 d6 7. Bg2 e5 8. dxe5
dxe5 9. O-O Be6 10. b3 h6 11. a3 Be7 12. Qc2 Qc8 13. e4 Bg4 14. Be3 Re8 15. Nd5
Bd8 16. Rfe1 Nb8 17. Bc1 c6 18. Nxf6+ Bxf6 19. Bb2 Bxf3 20. Bxf3 c5 21. Rad1
Nc6 22. Bg2 Qe6 23. Rd3 Rac8 24. Qd1 Nd4 25. Bxd4 cxd4 26. Bf3 Qa6 27. Qa1 b5
28. cxb5 Qxb5 29. Be2 Qb7 30. Rf3 Qxe4 31. Qd1 Qc2 32. Bc4 Qxd1 33. Rxd1 Rc5
34. h4 Re7 35. Rfd3 a5 36. a4 e4 37. R3d2 g5 38. hxg5 Rxg5 39. Kg2 e3 40. fxe3
Rxe3 41. Rf2 Rexg3+ 42. Kf1 Rg1+ 43. Ke2 Re5+ 44. Kd2 Rxd1+ 45. Kxd1 Kg7 46.
Rg2+ Bg5 47. Rg4 f5 48. Rxd4 Be7 49. Rf4 Bc5 50. Bd3 Kf6 51. Rh4 Kg5 52. Rh2 h5
53. Rg2+ Kf6 54. Rg8 h4 55. Rh8 Kg5 56. Rg8+ Kf4 57. Rh8 Ke3 58. Bxf5 Rxf5 59.
Rxh4 Kd3 60. Rh3+ Be3 61. Ke1 Rg5 62. Rf3 Rg1+ 63. Rf1 Rxf1+ 64. Kxf1 Kc3
0-1

[Event "European Senior Chess Championship 2018"]
[Site "Drammen, Norway"]
[Date "2018.02.14"]
[Round "1"]
[White "Johansen, Arild"]
[Black "Eng, Thor"]
[Result "1-0"]
[WhiteElo "1935"]
[BlackElo "1429"]
[PlyCount "69"]
[EventDate "2018.??.??"]

1. d4 Nf6 2. Nf3 g6 3. c4 c5 4. Nc3 Bg7 5. g3 cxd4 6. Nxd4 Nc6 7. Bg2 O-O 8.
O-O Qb6 9. Nc2 d6 10. b3 Bf5 11. Bb2 Rad8 12. Ne3 Be6 13. Qd2 Qd4 14. Qxd4 Nxd4
15. Bxb7 Nd7 16. Rab1 Ne5 17. Rfe1 Ng4 18. Nxg4 Bxg4 19. Bg2 Bf5 20. e4 Bg4 21.
h3 Bf3 22. Nd5 Bxg2 23. Nxe7+ Kh8 24. Kxg2 Rde8 25. Nd5 Ne6 26. Bxg7+ Kxg7 27.
Rbd1 Rd8 28. Rd3 Rd7 29. Red1 f6 30. Nf4 Nxf4+ 31. gxf4 Rfd8 32. e5 fxe5 33.
fxe5 Re7 34. Rxd6 Rxd6 35. exd6
1-0

[Event "European Senior Chess Championship 2018"]
[Site "Drammen, Norway"]
[Date "2018.02.14"]
[Round "1"]
[White "Larsen, Per Magnus"]
[Black "Voll, Oddvar U"]
[Result "0-1"]
[WhiteElo "1322"]
[BlackElo "1907"]
[PlyCount "120"]
[EventDate "2018.??.??"]

1. d4 f5 2. Nc3 d5 3. Bf4 Nf6 4. e3 c6 5. Nf3 e6 6. Be2 Be7 7. Ne5 O-O 8. O-O
Ne4 9. Nxe4 dxe4 10. Bg3 Nd7 11. f4 exf3 12. Nxf3 Qb6 13. Rb1 Bf6 14. c3 e5 15.
Qb3+ Qxb3 16. axb3 Re8 17. Bc4+ Kh8 18. Nh4 g6 19. Nf3 b5 20. dxe5 Nxe5 21. Be2
Ng4 22. Rfe1 Nxe3 23. Bd3 Bd7 24. Bf4 Nd5 25. Be5 Kg7 26. Bxf6+ Kxf6 27. Kf2
Nf4 28. Bc2 Be6 29. g3 Nh5 30. Rbd1 Bd5 31. Nd4 Rec8 32. Rd2 Kf7 33. Re5 Nf6
34. Re3 Ng4+ 35. Ke2 Nxe3 36. Kxe3 Re8+ 37. Kf2 Rac8 38. Nxb5 cxb5 39. Rxd5 Rb8
40. b4 Red8 41. Re5 Rd2+ 42. Re2 Rbd8 43. Ke1 Rxe2+ 44. Kxe2 Kf6 45. Bb3 Ke5
46. Ke3 g5 47. Bc2 Rd6 48. b3 Rh6 49. h4 gxh4 50. gxh4 Rxh4 51. Bd3 Rh3+ 52.
Kd2 Rh2+ 53. Be2 Ke4 54. c4 bxc4 55. bxc4 Kd4 56. c5 f4 57. c6 f3 58. c7 Rxe2+
59. Kd1 Re8 60. Kd2 f2
0-1

[Event "European Senior Chess Championship 2018"]
[Site "Drammen, Norway"]
[Date "2018.02.14"]
[Round "1"]
[White "Lystad, Frank"]
[Black "Syvertsen, Finn"]
[Result "1-0"]
[WhiteElo "1733"]
[BlackElo "1426"]
[PlyCount "55"]
[EventDate "2018.??.??"]

1. d4 d5 2. Bf4 e6 3. e3 Bd6 4. Bg3 Nf6 5. Nd2 Nc6 6. Ngf3 O-O 7. c3 Re8 8. Ne5
Ne4 9. Nxe4 dxe4 10. Nxc6 bxc6 11. Qc2 Bxg3 12. hxg3 f5 13. Bc4 a5 14. Qe2 Qg5
15. Rh3 Qg4 16. Qxg4 fxg4 17. Rh4 Kh8 18. Rxg4 Ba6 19. Bxa6 Rxa6 20. Rxe4 Rb6
21. O-O-O Kg8 22. b3 Kf7 23. Rh1 h6 24. Rh5 Ra8 25. Rhe5 a4 26. b4 Re8 27. Ra5
c5 28. Rxc5
1-0

[Event "European Senior Chess Championship 2018"]
[Site "Drammen, Norway"]
[Date "2018.08.03"]
[Round "2"]
[White "Rishovd, Svein"]
[Black "Agdestein, Simen"]
[Result "0-1"]
[WhiteElo "2046"]
[BlackElo "2576"]
[PlyCount "82"]
[EventDate "2018.??.??"]

1. d4 Nf6 2. c4 e6 3. Nc3 Bb4 4. e3 O-O 5. Nf3 c5 6. Bd3 b6 7. Bd2 Ba6 8. a3
Ba5 9. O-O d5 10. b4 cxb4 11. Nb5 dxc4 12. Bxc4 Nd5 13. Qb3 Nc6 14. e4 Nc3 15.
Nxc3 Bxc4 16. Qxc4 bxc3 17. Bxc3 Rc8 18. Bxa5 Nxa5 19. Qd3 Qc7 20. Rfd1 Rfd8
21. g3 Qc3 22. Kg2 Qxd3 23. Rxd3 Kf8 24. Rb1 Rc2 25. d5 exd5 26. exd5 Nc4 27.
Rbb3 Ra2 28. Rd4 Rxa3 29. Rb1 Nd6 30. Ne5 Re8 31. Nc6 b5 32. Rb2 a5 33. Rf4 b4
34. Nd4 Rd3 35. Nf5 Nxf5 36. Rxf5 g6 37. Rf6 Rxd5 38. Rc2 Re6 39. Rc8+ Kg7 40.
Rf4 Rb5 41. Rc7 Rf6
0-1

[Event "European Senior Chess Championship 2018"]
[Site "Drammen, Norway"]
[Date "2018.08.03"]
[Round "2"]
[White "Ali, Karim"]
[Black "Warstad, Leif E"]
[Result "1-0"]
[WhiteElo "1819"]
[BlackElo "1564"]
[PlyCount "81"]
[EventDate "2018.??.??"]

1. d4 Nf6 2. Nf3 g6 3. e3 Bg7 4. Bd3 d5 5. Nbd2 Nc6 6. a3 a6 7. c4 e6 8. O-O
O-O 9. h3 Re8 10. Ne5 Nxe5 11. dxe5 Nd7 12. f4 dxc4 13. Bxc4 b5 14. Ba2 Bb7 15.
Qg4 Qe7 16. Nf3 c5 17. Bd2 a5 18. Rad1 b4 19. Be1 Rac8 20. Bc4 Nb6 21. Bh4 Qf8
22. Bb5 Bc6 23. Ba6 Ra8 24. Rd6 Bxf3 25. Qxf3 Rxa6 26. Qb7 Rea8 27. Rxb6 Rxb6
28. Qxb6 c4 29. Rc1 bxa3 30. bxa3 Qxa3 31. Rxc4 Qa1+ 32. Kh2 a4 33. Qc6 Rb8 34.
Rxa4 Qb2 35. Ra7 Qd2 36. Qc7 Rf8 37. Qc5 h6 38. Bf6 Qf2 39. Rc7 Bxf6 40. exf6
Qh4 41. Qxf8+
1-0

[Event "European Senior Chess Championship 2018"]
[Site "Drammen, Norway"]
[Date "2018.08.03"]
[Round "2"]
[White "Andersen, Guttorm"]
[Black "Bjerke, Richard"]
[Result "0-1"]
[WhiteElo "1767"]
[BlackElo "2141"]
[PlyCount "60"]
[EventDate "2018.??.??"]

1. d4 Nf6 2. c4 e6 3. Nf3 d5 4. e3 Be7 5. Nc3 O-O 6. Bd3 b6 7. cxd5 exd5 8. O-O
Bb7 9. Qe2 Re8 10. b3 a6 11. Bb2 Bd6 12. Nd2 Qe7 13. Rae1 c5 14. Nd1 Nbd7 15.
f3 Nf8 16. Kh1 Ne6 17. Qf2 Qc7 18. dxc5 Nxc5 19. Bb1 Be5 20. b4 Ne6 21. Bxe5
Qxe5 22. e4 Qd4 23. e5 Nd7 24. f4 Qxb4 25. Ne3 Rf8 26. Nf5 f6 27. Nd6 Bc6 28.
Nb3 fxe5 29. Qc2 Rxf4 30. Rxf4 Qxe1+
0-1

[Event "European Senior Chess Championship 2018"]
[Site "Drammen, Norway"]
[Date "2018.08.03"]
[Round "2"]
[White "Kirppo, Ronny"]
[Black "Bergquist, Rune"]
[Result "1-0"]
[WhiteElo "1885"]
[BlackElo "1566"]
[PlyCount "93"]
[EventDate "2018.??.??"]

1. d4 d5 2. c4 e6 3. Nf3 Nf6 4. g3 Nbd7 5. Bg2 c6 6. O-O Be7 7. Qd3 O-O 8. Nc3
dxc4 9. Qxc4 Nd5 10. e4 Nxc3 11. bxc3 c5 12. Rd1 Nf6 13. Qe2 Bd7 14. a4 Rc8 15.
Ne5 cxd4 16. cxd4 Qc7 17. Bg5 Rfd8 18. Rac1 Qb8 19. Nxd7 Rxd7 20. Bf4 Qa8 21.
Qb2 Rxc1 22. Rxc1 Qd8 23. Rc4 Qa5 24. Bd2 Qb6 25. Rc8+ Rd8 26. Qxb6 axb6 27.
Rxd8+ Bxd8 28. f3 Kf8 29. Kf2 Be7 30. Bf1 Ke8 31. Bb5+ Kf8 32. Ke3 Ne8 33. Bxe8
Kxe8 34. Kd3 Kd7 35. Kc4 Kc6 36. Bb4 Bd8 37. Bc3 g6 38. g4 Bc7 39. h3 Bd8 40.
Bd2 Be7 41. Bf4 Bd8 42. d5+ exd5+ 43. exd5+ Kd7 44. Kb5 Kc8 45. Be3 Kb8 46.
Bxb6 f5 47. Bxd8
1-0

[Event "European Senior Chess Championship 2018"]
[Site "Drammen, Norway"]
[Date "2018.08.03"]
[Round "2"]
[White "Eng, Thor"]
[Black "Skar, Oystein"]
[Result "1/2-1/2"]
[WhiteElo "1429"]
[BlackElo "1705"]
[PlyCount "67"]
[EventDate "2018.??.??"]

1. e4 g6 2. Nf3 c5 3. d4 Bg7 4. c3 Qc7 5. dxc5 Qxc5 6. Be3 Qc7 7. Bd3 Nf6 8. h3
d6 9. O-O O-O 10. Nbd2 Nbd7 11. Rc1 Nc5 12. Bb1 b6 13. b4 Ncd7 14. Nd4 Bb7 15.
c4 a6 16. Ne2 Rac8 17. f4 e6 18. Ng3 Qb8 19. Qe2 Bc6 20. Nf3 Qb7 21. e5 Bxf3
22. Qxf3 Qxf3 23. gxf3 dxe5 24. fxe5 Nxe5 25. Bxb6 Rxc4 26. Rxc4 Nxc4 27. Bc5
Rd8 28. Rc1 Na3 29. Be7 Re8 30. Bxf6 Bxf6 31. Bd3 Be7 32. Ne4 Rd8 33. Bxa6 Bxb4
34. Be2
1/2-1/2

[Event "European Senior Chess Championship 2018"]
[Site "Drammen, Norway"]
[Date "2018.08.03"]
[Round "2"]
[White "Eriksen, Terje"]
[Black "Van Den Bersselaar, Henri"]
[Result "1/2-1/2"]
[WhiteElo "2142"]
[BlackElo "1897"]
[PlyCount "89"]
[EventDate "2018.??.??"]

1. c4 c6 2. Nf3 d5 3. g3 e6 4. Bg2 Bd6 5. O-O Nd7 6. d3 Ngf6 7. Nc3 O-O 8. e4
dxe4 9. dxe4 Qc7 10. Qe2 e5 11. h3 Re8 12. Rd1 b6 13. Rb1 a5 14. Bg5 Bb4 15.
Rbc1 h6 16. Bd2 Ba6 17. Nh4 Rad8 18. Na4 Bf8 19. Be3 Qb8 20. Nf5 b5 21. cxb5
Bxb5 22. Qc2 Bxa4 23. Qxa4 Qxb2 24. Rxc6 Qb4 25. Qc2 Rb8 26. Bd2 Qb2 27. Bxa5
Qa3 28. Qc3 Qxa2 29. Rd2 Qb1+ 30. Kh2 Nxe4 31. Bxe4 Qxe4 32. Qc2 Nf6 33. Nxh6+
gxh6 34. Rxf6 Qxc2 35. Rxc2 Rbc8 36. Rc7 Rxc7 37. Bxc7 Bg7 38. Rb6 Kh7 39. Kg2
Re7 40. Bd6 Re6 41. Kf3 Bf8 42. Bc7 Rxb6 43. Bxb6 f5 44. Bc7 Bg7 45. Bd8
1/2-1/2

[Event "European Senior Chess Championship 2018"]
[Site "Drammen, Norway"]
[Date "2018.08.03"]
[Round "2"]
[White "Kopperud, Vidar Aleksander"]
[Black "Evensen, Per-Erik"]
[Result "1-0"]
[WhiteElo "1742"]
[BlackElo "1447"]
[PlyCount "121"]
[EventDate "2018.??.??"]

1. d4 Nf6 2. c4 e6 3. Nf3 d5 4. Nc3 Bb4 5. e3 O-O 6. Bd2 c5 7. Bd3 Nc6 8. a3
Bxc3 9. Bxc3 cxd4 10. Nxd4 Nxd4 11. Bxd4 dxc4 12. Bxc4 b6 13. Qf3 Rb8 14. Be5
Bb7 15. Qg3 Rc8 16. Rd1 Qe7 17. Bd6 Qd8 18. Bxf8 Qxf8 19. Bd3 Qe7 20. O-O h6
21. Rc1 Qd7 22. Rxc8+ Qxc8 23. Qd6 Ne4 24. Bxe4 Bxe4 25. Ra1 Bd5 26. Qb4 Qb7
27. f3 Qc7 28. Qd2 Qe7 29. b4 Qb7 30. e4 Bc6 31. Qd6 Bb5 32. Rc1 Qa6 33. Rc3
Qa4 34. Qd2 Qa6 35. h4 Bc4 36. a4 b5 37. Qc2 Qb6+ 38. Kh1 a6 39. Qd2 Qc7 40.
axb5 axb5 41. Qe1 Qd6 42. Re3 g6 43. g3 Kh7 44. Ra3 Qd4 45. Ra8 Qd3 46. Kg2
Qe2+ 47. Qxe2 Bxe2 48. e5 Kg7 49. Kf2 Bc4 50. Ke3 h5 51. f4 Kh7 52. Kd4 Kg7 53.
Kc5 g5 54. hxg5 Kg6 55. Ra7 Kg7 56. Rb7 Kg6 57. Rxb5 Bxb5 58. Kxb5 Kf5 59. Kc5
Kg4 60. b5 Kxg3 61. b6
1-0

[Event "European Senior Chess Championship 2018"]
[Site "Drammen, Norway"]
[Date "2018.08.03"]
[Round "2"]
[White "Gunnarsson, Lennart"]
[Black "Frimanslund, Berge"]
[Result "0-1"]
[WhiteElo "1771"]
[BlackElo "1521"]
[PlyCount "48"]
[EventDate "2018.??.??"]

1. d4 d5 2. c4 e5 3. dxe5 d4 4. Nf3 Bb4+ 5. Bd2 Bxd2+ 6. Nbxd2 c5 7. g3 Nc6 8.
Bg2 Nge7 9. O-O O-O 10. Nb3 Qb6 11. Qd2 Be6 12. Rac1 Rad8 13. Ng5 Nxe5 14. Nxe6
fxe6 15. Qg5 Qc7 16. Bh3 Nf5 17. Bg2 b6 18. Qd2 Nd6 19. e3 Ndxc4 20. Qe2 d3 21.
Qd1 Nxb2 22. Qd2 Nbc4 23. Qc3 b5 24. Nd2 b4
0-1

[Event "European Senior Chess Championship 2018"]
[Site "Drammen, Norway"]
[Date "2018.08.03"]
[Round "2"]
[White "Gayson, Peter M"]
[Black "Johansen, Arild"]
[Result "1-0"]
[WhiteElo "2150"]
[BlackElo "1935"]
[PlyCount "45"]
[EventDate "2018.??.??"]

1. e4 c5 2. Nf3 Nc6 3. d4 cxd4 4. Nxd4 e5 5. Nb5 d6 6. N1c3 a6 7. Na3 Be6 8.
Nc4 Nf6 9. Bg5 Be7 10. Bxf6 gxf6 11. Ne3 Qa5 12. Bd3 O-O-O 13. O-O Rdg8 14.
Ncd5 Qd8 15. b4 Bf8 16. a4 Bh6 17. b5 Nb8 18. bxa6 bxa6 19. Qe2 Bxe3 20. Bxa6+
Nxa6 21. Qxa6+ Kd7 22. Qb5+ Kc8 23. Qc6+
1-0

[Event "European Senior Chess Championship 2018"]
[Site "Drammen, Norway"]
[Date "2018.08.03"]
[Round "2"]
[White "Hansen, Roy Drange"]
[Black "Gonzalez Pabollet, Jesus Maria S"]
[Result "1-0"]
[WhiteElo "1468"]
[BlackElo "1818"]
[PlyCount "65"]
[EventDate "2018.??.??"]

1. e4 c5 2. Nf3 a6 3. d4 cxd4 4. Nxd4 Nf6 5. Nc3 e5 6. Nb3 Bb4 7. Bd3 d5 8.
exd5 Nxd5 9. Bd2 Bxc3 10. bxc3 Nc6 11. O-O O-O 12. a4 b6 13. Re1 Be6 14. g3 Kh8
15. a5 f5 16. Ra4 e4 17. Nd4 Bd7 18. Bf1 Nxa5 19. Ra1 b5 20. c4 Nxc4 21. Bxc4
bxc4 22. Ra5 Ne7 23. Qa1 Qc8 24. Bb4 Rf7 25. Rc5 Qb7 26. Rb1 Rb8 27. Qc3 Nd5
28. Qxc4 Nxb4 29. Qxf7 a5 30. Nxf5 Bxf5 31. Rc7 Qxc7 32. Qxc7 Rc8 33. Qxa5
1-0

[Event "European Senior Chess Championship 2018"]
[Site "Drammen, Norway"]
[Date "2018.08.03"]
[Round "2"]
[White "Zimmermann, Luc"]
[Black "Hanssen, John Christian"]
[Result "1-0"]
[WhiteElo "2184"]
[BlackElo "1570"]
[PlyCount "53"]
[EventDate "2018.??.??"]

1. e4 c5 2. c3 d6 3. d4 cxd4 4. cxd4 e5 5. dxe5 dxe5 6. Qxd8+ Kxd8 7. Bc4 Bb4+
8. Nc3 f6 9. Nge2 Ne7 10. Be3 Kc7 11. O-O Bd7 12. Rac1 Bxc3 13. Nxc3 Nbc6 14.
Nb5+ Kb8 15. Rfd1 a6 16. Rxd7 axb5 17. Bb3 Rd8 18. Rcd1 Rxd7 19. Rxd7 Ra6 20.
f3 b6 21. Be6 Ra7 22. Bxb6 Rxd7 23. Bxd7 Kb7 24. Bc5 Kc7 25. Be8 Kd8 26. Bf7
Na5 27. Bb6+
1-0